| 000 | 00711nam a22001697a 4500 | ||
|---|---|---|---|
| 999 |
_c15072 _d15072 |
||
| 003 | OSt | ||
| 082 | _2631.56 DIV/ST | ||
| 088 | _aP 146 | ||
| 100 |
_aDIVYA V. R _aGOPU R. NAIR _aHABEEBA V _aLIJI PRASANNAN _92473 |
||
| 245 | _aStudies on rice bran oil extraction using ohmically heated rice bran | ||
| 260 |
_aTavanur 2004 _bKelappaji College of Agricultural Engineering and Technology |
||
| 300 | _a43 | ||
| 500 | _aStudies on rice bran oil extraction using ohmically heated rice bran | ||
| 520 | _aRice bran, which is one of the major by products of paddy contains high quality proteins and edible oil apart from fibre, ash and nitrogen free extract. | ||
| 700 |
_aEr. Prince M. V (Guide) _92280 |
||
| 942 | _cPR | ||